| 000 | 00621nam a22001937a 4500 | ||
|---|---|---|---|
| 999 |
_c16674 _d16674 |
||
| 003 | AR-CdUCM | ||
| 008 | 190504b ||||| |||| 00| 0 spa d | ||
| 040 |
_aMUNICIPALIDAD PROVINCIAL DEL CUSCO _cBIBLIOTECA MUNICIPAL DEL CUSCO |
||
| 082 |
_a869.33 / _bS21 |
||
| 100 |
_aSantivan, Fernando _936249 |
||
| 245 |
_aConfesiones de Enrique Samaniego : _brecuerdo literarios / |
||
| 260 |
_aSantiago de Chile : _bEdit. Ercilla, _c1933. |
||
| 300 |
_a180 páginas ; _c19 cm. |
||
| 505 | _aContenido: Ensayos. | ||
| 650 |
_aEnsayos chilenos _936250 |
||
| 650 |
_aSiglo XX. _98 |
||
| 942 |
_2ddc _cLIBROS |
||
| 945 |
_aacv _d2019-05-04 |
||